Pitman's horizontal method : (Record no. 4279)
[ view plain ]
| 000 -LEADER | |
|---|---|
| fixed length control field | 00555nam a2200217 4500 |
| 003 - CONTROL NUMBER IDENTIFIER | |
| control field | LK-CoMWRAF |
| 005 - DATE AND TIME OF LATEST TRANSACTION | |
| control field | 20240106113743.0 |
| 008 - FIXED-LENGTH DATA ELEMENTS--GENERAL INFORMATION | |
| fixed length control field | 231203b |||||||| |||| 00| 0 eng d |
| 040 ## - CATALOGING SOURCE | |
| Original cataloging agency | LK-CoMWRAF |
| Modifying agency | LK-CoMWRAF |
| Description conventions | LK-CoMWRAF |
| 041 ## - LANGUAGE CODE | |
| Language code of text/sound track or separate title | English |
| 082 ## - DEWEY DECIMAL CLASSIFICATION NUMBER | |
| Classification number | 652.3024 |
| Item number | HEE |
| 942 ## - ADDED ENTRY ELEMENTS (KOHA) | |
| Koha item type | Books |
| 100 ## - MAIN ENTRY--PERSONAL NAME | |
| Personal name | Heelis, Frederick |
| 700 ## - ADDED ENTRY--PERSONAL NAME | |
| Personal name | Culliford, E. |
| 700 ## - ADDED ENTRY--PERSONAL NAME | |
| Personal name | Williams, E.B. |
| 245 ## - TITLE STATEMENT | |
| Title | Pitman's horizontal method : |
| Remainder of title | business typewriting |
| 250 ## - EDITION STATEMENT | |
| Edition statement | 8th ed. |
| 260 ## - PUBLICATION, DISTRIBUTION, ETC. (IMPRINT) | |
| Place of publication, distribution, etc. | Beirut: |
| Name of publisher, distributor, etc. | Dar-al-kalam, |
| 300 ## - PHYSICAL DESCRIPTION | |
| Extent | 114 p. |
| 650 ## - SUBJECT ADDED ENTRY--TOPICAL TERM | |
| Topical term or geographic name as entry element | TYPEWRITING |
| Withdrawn status | Lost status | Damaged status | Not for loan | Permanent Location | Current Location | Date acquired | Full call number | Barcode | Koha item type |
|---|---|---|---|---|---|---|---|---|---|
| Resource center, Muslim Women's Research And Action Forum | Resource center, Muslim Women's Research And Action Forum | 2023-12-03 | 652.3024 HEE | RAF3290 | Books |

